Quiz de futebol - Statistics

Estatísticas Gerais
  • Esse quiz foi jogado 1 831 vezes
  • A pontuação média é 10 de 15
Estatísticas das Respostas
Questão Resposta % Correto
Qual desses times o neymar nunca jogou? Al nassr
98%
Quem é considerado o rei do futebol? Pelé
98%
Qual desses times o messi nunca jogou? Boca juniors
94%
Quais dessas seleções não tem copa do mundo? Portugal
92%
Quem foi o artilheiro da copa do mundo de 2022? Kylian Mbappé
83%
Quem ganhou a bola de ouro em 2017? Cristiano Ronaldo
81%
Quantos gols cristiano ronaldo tem pelo real madrid aproximadamente? 400-500 gols
78%
Qual time ganhou a tríplice coroa em 2023? Manchester City
78%
Quem ganhou o prêmio puskás de 2015? Wendell Lira
73%
Quem foi campeão da champions league de 2010? Inter de milão
59%
Qual foi o placar da final da copa do mundo de 2022? 3x3 (4x2 penaltis)
56%
Quem foi o artilheiro da champions league 2022-2023 Erling Haaland
56%
Quem foi o artilheiro da copa do mundo de 2018? Harry Kane
44%
Quem é o artilheiro da seleção francesa? Olivier Giroud
39%
Quem é o artilheiro do real madrid atualmente Jude Bellingham
10%
Nenhum quiz correspondente encontrado
Distribuição das Pontuações
Porcentagem de Pessoas com Cada Pontuação
Percentil de Números Respondidos
Sua Pontuação Histórica
Você não jogou esse quiz